Les crimes d'Agatha Christie... - Statistiques

Statistiques générales
  • Ce quiz a été pris 28 fois
  • Le résultat moyen est 6 sur 36
Statistiques - réponses
Hint Explanation Réponse % Correct
Le crime de l'Orient express ARME BLANCHE
52%
Mort dans les nuages Venin de boomslang EMPOISONNEMENT
44%
Je ne suis pas coupable Chlorhydrate de morphine EMPOISONNEMENT
40%
Le mystère du bahut espagnol ARME BLANCHE
28%
ABC contre Poirot ARME BLANCHE & STRANGULATION & ARME CONTONDANTE
28%
Meurtre en Mésopotamie Acide chlorhydrique EMPOISONNEMENT & OBJET CONTONDANT
28%
La maison du péril ARME A FEU
24%
Trio à Rhodes Strophantine EMPOISONNEMENT
24%
Drame en trois actes Nicotine EMPOISONNEMENT
24%
La mystérieuse affaires de Styles Strychnine EMPOISONNEMENT
24%
Les vacances d'Hercule Poirot STRANGULATION
24%
Feux d'artifice ARME A FEU
20%
Le meurtre de Roger Ackroyd ARME BLANCHE
20%
Témoin muet Phosphore EMPOISONNEMENT
20%
Cartes sur tables Mr. Shaitana ARME BLANCHE
16%
L'enlèvement du Premier ministre ENLEVEMENT
16%
Le chat et les pigeons ARME A FEU & ARME CONTONDANTE
12%
La troisième fille Arsenic ARME BLANCHE & EMPOISONNEMENT
12%
Les Quatre Gelséminine / Opium / Curare / Chloruez d'Ethyle ARME BLANCHE & EMPOISONNEMENT
12%
Rendez-vous avec la mort Digitoxine EMPOISONNEMENT
12%
La disparition de Mr Davenheim ENLEVEMENT
12%
Le train bleu STRANGULATION
12%
Les dix petits nègres (Ils étaient dix) EMPOISONNEMENT
8%
Un, deux, trois Adrénaline EMPOISONNEMENT
8%
Les plans du sous-marin Plans VOL
8%
Le Rêve ARME A FEU
4%
Le sanglier d'Erymanthe ARME BLANCHE
4%
Mort sur le Nil Strychnine ARME BLANCHE & EMPOISONNEMENT
4%
Le couteau sur la nuque Véronal EMPOISONNEMENT
4%
Pension Vanilos Véronal / Digitoxine EMPOISONNEMENT
4%
Cartes sur table Teinture à chapeaux EMPOISONNEMENT
4%
L'aventure de l'appartement bon marché Plans américains VOL
4%
Mrs MacGinty est morte ARME BLANCHE
0%
Le crime du golf Morphine EMPOISONNEMENT
0%
La biche aux pieds d'airain ENLEVEMENT
0%
Le lion de Némée Pékinois VOL
0%
Aucun quiz correspondant
Distribution des résultats
% des personnes avec chaque résultat
Percentile par nombre de réponses
Votre historique - résultats
Vous n’avez pas pris ce quiz